000
00266nam a22001217a 4500
008
190304b xxu||||| |||| 00| 0 eng d
041
_a
eng
080
_2
5th
_a
540
100
_a
12
101
_a
KIM
245
_a
The Chemical Industry Facts Book
942
_2
udc
_c
BK
999
_c
54409
_d
54409